| 000 | 00783cab a2200253 4500 | ||
|---|---|---|---|
| 001 | WB3127-40 | ||
| 008 | 090401t1995 xxu||||| |||| 00| 0 eng d | ||
| 035 | _a(Sirsi) u29087 | ||
| 041 | _aeng | ||
| 245 | _aMarket days at risk | ||
| 260 | _c1995 | ||
| 350 | _a0 | ||
| 490 |
_aObserver _v9 July 1995, 13(1) |
||
| 520 | _aThere is concern that the growth of electronic auctioneering will further isolate farmers as traditional livestock markets become something of the past. | ||
| 650 |
_aAuctioneering _96218 |
||
| 650 | _aCOMPUTERS | ||
| 650 | _aELECTRONIC AUCTIONEERING | ||
| 650 | _aLIVESTOCK AUCTIONS | ||
| 650 | _aMARKET TOWNS | ||
| 690 | _aMANAGEMENT-BUSINESS MANAGEMENT-INFORMATION MANAGEMENT | ||
| 690 | _aRURAL PRACTICE | ||
| 942 | _n0 | ||
| 948 | _c04/03/1997 | ||
| 999 |
_c19580 _d19580 |
||